000
00311nam a2200109Ia 4500
008
200302s9999 xx 000 0 und d
100
_a
Mike Jenks & Others
245
_a
World Cities and Urban Form Fragmented Polycentric Sustainable
260
_b
Routledge Taylor & Francis Group
260
_c
2008
300
_a
373
999
_c
5265
_d
5265